000 00409nam a22001457a 4500
020 _qPB.
040 _cFIZZA ISHAQ
082 _a512.9
_bBRU
100 _aCRAUDER,BRUCE.
_9134193
245 _aFUNCTIONS AND CHANGE A MODELING APPROACH TO COLLEGE ALGEBRA /
_cBRUCE CRAUDER.
250 _a3rd ED.
260 _aNEW YORK ;
_bHOUGHTON MIFFLIN COMPANY,
_c2007.
300 _a377 P. ;
_c10X7.9IN
942 _2ddc
_cBK
999 _c617164
_d617164